Quản trị tài sản thương hiệu : Cuộc chiến giành vị trí trong tâm trí khách hàng = Brand equity management

সংরক্ষণ করুন:
গ্রন্থ-পঞ্জীর বিবরন
প্রধান লেখক: Dương, Hữu Hạnh
বিন্যাস: গ্রন্থ
ভাষা:Undetermined
প্রকাশিত: Hà Nội Thống kê 2005
বিষয়গুলি:
ট্যাগগুলো: ট্যাগ যুক্ত করুন
কোনো ট্যাগ নেই, প্রথমজন হিসাবে ট্যাগ করুন!
Thư viện lưu trữ: Trung tâm Học liệu Trường Đại học Cần Thơ
LEADER 00672nam a2200193Ia 4500
001 CTU_103578
008 210402s9999 xx 000 0 und d
082 |a 658.827 
082 |b H107 
100 |a Dương, Hữu Hạnh 
245 0 |a Quản trị tài sản thương hiệu : 
245 0 |b Cuộc chiến giành vị trí trong tâm trí khách hàng = Brand equity management 
245 0 |c Dương Hữu Hạnh 
260 |a Hà Nội 
260 |b Thống kê 
260 |c 2005 
650 |a Brand name products,Industrial management,Product management 
904 |i Hiếu 
980 |a Trung tâm Học liệu Trường Đại học Cần Thơ